| 000 | 01341cab a22002535a 4500 | ||
|---|---|---|---|
| 001 | L152377 | ||
| 008 | 110228e20110226xxk 000 0 eng d | ||
| 035 | _a(Sirsi) u152377 | ||
| 041 | 0 | _aeng | |
| 100 | 1 | _aSimmons, Mark | |
| 245 | 0 | 0 |
_aFocus _bCambridge, Norfolk and Suffolk |
| 260 | _c2011 | ||
| 490 |
_aEstates Gazette _v(1108) 26 February 2011, 91-87(16) |
||
| 520 | _aReviews occupiers requirements from a range of companies including Jeyes Group relocating from Thetford to Cambridge Science Park representing the relocation occupier (offices) category and Group Lotus high-end manufacturer and automotive engineering company representing the owner-occupier (industrial/offices). The Cambridge offices and science parks focusing on rents, take up and availability. The future role of the New Anglia Local Enterprise Partnership Development Group, profiles Norwich based developer Targetfellow, proposals for a Norwich relief road. Office availability, take up, occupiers' requirements by size, total returns and rents in Cambridge, Ipswich and Norwich. | ||
| 590 | _aKA | ||
| 651 | 4 | _aCambridge | |
| 651 | 4 | _aNorfolk | |
| 651 | 4 | _aSuffolk | |
| 690 | _aPROPERTY-COMMERCIAL PROPERTY-COMMERCIAL PROPERTY MARKET | ||
| 700 | 1 | _aCunningham, David | |
| 700 | 1 | _aClarkson, Melanie | |
| 700 | 1 | _aMeadwell, Stacey | |
| 942 | _n0 | ||
| 999 |
_c82952 _d82952 |
||